Statistics for Algeria in Different Languages

Click here to take the quiz!

General Stats

  • This quiz has been taken 9 times
  • The average score is 7 of 15

Answer Stats

"Algeria"Language% Correct
AlgerienGerman
88%
แอลจีเรียThai
75%
अल्जीरियाHindi
63%
アルジェリアJapanese
63%
알제리Korean
63%
ArgeliaSpanish
63%
ԱլժիրArmenian
50%
ඇල්ජීරියාවSinhala
50%
An-giê-riVietnamese
50%
AlgieriaPolish
38%
AlžeeriaEstonia
25%
AlsírIcelandic
25%
AljeriaBreton
13%
AljazairIndonesian
13%
AlgerieNorwegian
13%

Score Distribution

Percentile by Number Answered

Percent of People with Each Score

Your Score History

You have not taken this quiz